000 00639nam a2200241Ia 4500
001 20748
005 20240114000529.0
007 ta
008 060225s a g b000 u 465 u
040 _aCotton College,Assam
041 _a465
082 _a821.4509
_bC 697 L
100 _aCollins, W. Lucas .
245 0 _aLa Fontaine /
_cW. Lucas Collins.
_hTextual Documents
250 _a1st ed. /
260 _aLondon :
_bWillam Blackwood & Sons ,
_cnd.
300 _a176p. :
_bill ;
_c17cm .
653 _aEnglish poetry-Criticism
653 _aG-English
942 _2ddc
_cBK
999 _c20730
_d20730